Builders bank on profits (Record no. 118120)

MARC details
000 -LEADER
fixed length control field 01498cam a2200277 4500
001 - CONTROL NUMBER
control field WB@3612-74
008 - FIXED-LENGTH DATA ELEMENTS--GENERAL INFORMATION
fixed length control field 041005n2004 000 0 eng u
035 ## - SYSTEM CONTROL NUMBER
System control number (Sirsi) u127623
245 ## - TITLE STATEMENT
Title Builders bank on profits
260 ## - PUBLICATION, DISTRIBUTION, ETC.
Date of publication, distribution, etc. 2004
490 ## - SERIES STATEMENT
Series statement RICS News Service
Volume/sequential designation 29 September 2004 (1)
520 ## - SUMMARY, ETC.
Summary, etc. The "RICS construction market survey United Kingdom" for the third quarter 2004 shows profit expectations rising to their highest level since the end of the millennium construction boom. Growth in construction workloads has slowed in the third quarter following a strong first six months of 2004 but remains above the long-term average for the survey. The slowdown has been fairly sharp in the private housebuilding and non-housing public works sectors. Surveyors remain very optimistic for activity over the next three and 12 months with private sector work providing the main boost. The survey is available at http://www.rics.org/NR/rdonlyres/AB3809FE-4E71-4E3 4-B48F-3C6BC021D8D6/0/RICS_construction_survey_Q30 4.pdf. http://www.rics.org/Builtenvironment/builders+bank +on+profits.htm
590 ## - LOCAL NOTE (RLIN)
Local note WB
590 ## - LOCAL NOTE (RLIN)
Local note WB
650 ## - SUBJECT ADDED ENTRY--TOPICAL TERM
Topical term or geographic name entry element INTEREST RATES
650 ## - SUBJECT ADDED ENTRY--TOPICAL TERM
Topical term or geographic name entry element PRIVATE COMMERCIAL
650 ## - SUBJECT ADDED ENTRY--TOPICAL TERM
Topical term or geographic name entry element PUBLIC HOUSING
650 ## - SUBJECT ADDED ENTRY--TOPICAL TERM
Topical term or geographic name entry element PUBLIC WORKS
650 ## - SUBJECT ADDED ENTRY--TOPICAL TERM
Topical term or geographic name entry element PUBLIC NON-HOUSING
650 ## - SUBJECT ADDED ENTRY--TOPICAL TERM
Topical term or geographic name entry element Infrastructure
9 (RLIN) 6246
650 ## - SUBJECT ADDED ENTRY--TOPICAL TERM
Topical term or geographic name entry element PRIVATE HOUSING
650 ## - SUBJECT ADDED ENTRY--TOPICAL TERM
Topical term or geographic name entry element CONSTRUCTION INDUSTRY
650 ## - SUBJECT ADDED ENTRY--TOPICAL TERM
Topical term or geographic name entry element RICS MARKET SURVEYS
690 ## - LOCAL SUBJECT ADDED ENTRY--TOPICAL TERM (OCLC, RLIN)
Topical term or geographic name as entry element BUILDING AND CONSTRUCTION-MARKET
942 ## - ADDED ENTRY ELEMENTS (KOHA)
Suppress in OPAC 0
Holdings
Withdrawn status Lost status Source of classification or shelving scheme Damaged status Not for loan Home library Current library Shelving location Date acquired Total Checkouts Full call number Barcode Date last seen Copy number Price effective from Koha item type
    Dewey Decimal Classification     London London News article 05/10/2004   WB4038-01 127623-1001 06/08/2019 1 06/08/2019 News article